000 00649nam a22002177a 4500
003 UA-OsUOA
001 6985
007 ta
008 20031124b un ||||| |||| 00| 0 ukr d
100 _aИноземцев В.Л.
090 _bИ67
942 _cSA
040 _aUA-OsUOA
_brus
_cUA-OsUOA
_dUA-OsUOA
245 _aФилософия глобальных проблем
_bВторые Фроловские чтения: Глобализация - наивная мечта XX века
300 _aС.38-45
955 _a0
041 _arus
044 _aUA
773 0 _w0
650 7 _aГлобальні проблеми людства
_2UDC
999 _c293146
_d293146